Consonants: (Record no. 50414)
| 000 -LEADER | |
|---|---|
| fixed length control field | 00338nam a2200121 4500 |
| 020 ## - INTERNATIONAL STANDARD BOOK NUMBER | |
| International Standard Book Number | 9789996309960 |
| 100 ## - MAIN ENTRY--PERSONAL NAME | |
| Personal name | Kim Halida |
| 9 (RLIN) | 84816 |
| 245 ## - TITLE STATEMENT | |
| Title | Consonants: |
| Remainder of title | my first khmer (KHMER) / |
| Statement of responsibility, etc | Kim Halida |
| 260 ## - PUBLICATION, DISTRIBUTION, ETC. (IMPRINT) | |
| Place of publication, distribution, etc | Cambodia |
| Name of publisher, distributor, etc | Mindbooks Publishing |
| Date of publication, distribution, etc | 2024 |
| 300 ## - PHYSICAL DESCRIPTION | |
| Extent | unpaged. |
| Other physical details | col. ill. |
| Dimensions | 20 cm. |
| 490 ## - SERIES STATEMENT | |
| Series statement | Mindkids:K-02 |
| 942 ## - ADDED ENTRY ELEMENTS (KOHA) | |
| Source of classification or shelving scheme | |
| Koha item type | Book |
| Withdrawn status | Lost status | Source of classification or shelving scheme | Damaged status | Not for loan | Collection code | Home library | Current library | Date acquired | Total Checkouts | Full call number | Barcode | Date last seen | Price effective from | Koha item type |
|---|---|---|---|---|---|---|---|---|---|---|---|---|---|---|
| Siem Riep | Asian Hope Early Years Library | Asian Hope Early Years Library | 04/20/2026 | KHMER 459.93 KIM | 212190 | 04/20/2026 | 04/20/2026 | Book |